000 00785cab a2200241 4500
001 ABS58957
008 090401t1998 xxu||||| |||| 00| 0 eng d
035 _a(Sirsi) u86933
041 _aeng
100 _aCarpenter, A.
245 _aUnravel the rating nightmare
260 _c1998
350 _a0
490 _aManagement Today
_vJune 1998, 98-99(2)
520 _aProvides an overview of non-domestic rates and the Revaluation 2000 by the Valuation Office Agency. Discusses `ratings cowboys`, the rates burden, the valuation process and reductions/reliefs available.
650 _aBUSINESS RATES
650 _aRATES REVALUATION
650 _aRATING COWBOYS
650 _aRATING REVALUATION 2000
690 _aRATING AND VALUATION
942 _n0
948 _c19/06/1998
999 _c54747
_d54747